Central Library OPAC University of Rajshahi

Family planning in Japanese society : (Record no. 57292)

MARC details
000 -LEADER
fixed length control field 00918nam a2200277 a 4500
001 - CONTROL NUMBER
control field 57292
003 - CONTROL NUMBER IDENTIFIER
rucl marc code BD-RjUL
005 - DATE AND TIME OF LATEST TRANSACTION
control field 20211209080507.0
008 - FIXED-LENGTH DATA ELEMENTS--GENERAL INFORMATION
fixed length control field 161208s1983 enka b 001 0 eng
020 ## - INTERNATIONAL STANDARD BOOK NUMBER
International Standard Book Number 0691031339 (alk. paper) :
Terms of availability $25.00
035 ## - SYSTEM CONTROL NUMBER
System control number (BD-RjUL)57416
040 ## - CATALOGING SOURCE
Original cataloging agency DLC
Transcribing agency DLC
Modifying agency BD-RjUL
Language of cataloging eng
041 ## - LANGUAGE CODE
Language code of text/sound track or separate title eng
082 00 - DEWEY DECIMAL CLASSIFICATION NUMBER
Classification number 363.960952
Edition number 23
Author mark and year COF 1983
100 1# - MAIN ENTRY--PERSONAL NAME
Personal name Coleman, Samuel,
Dates associated with a name 1946-
9 (RLIN) 170121
245 10 - TITLE STATEMENT
Title Family planning in Japanese society :
Remainder of title traditional birth control in a modern urban culture /
Statement of responsibility, etc. Samuel Coleman.
260 ## - PUBLICATION, DISTRIBUTION, ETC. (IMPRINT)
Place of publication, distribution, etc. Princeton, N.J. :
Name of publisher, distributor, etc. Princeton University Press,
Date of publication, distribution, etc. c1983.
300 ## - PHYSICAL DESCRIPTION
Pagination xiii, 269 p. :
Illustrations ill. ;
Size 23 cm.
500 ## - GENERAL NOTE
General note Includes index.
504 ## - BIBLIOGRAPHY, ETC. NOTE
Bibliography, etc Bibliography: p. [241]-261.
650 #0 - SUBJECT ADDED ENTRY--TOPICAL TERM
Topical term or geographic name as entry element Birth control
Geographic subdivision Japan.
9 (RLIN) 170122
Topical term or geographic name as entry element Contraception
Geographic subdivision Japan.
9 (RLIN) 170123
Topical term or geographic name as entry element Marriage
Geographic subdivision Japan.
9 (RLIN) 170124
942 ## - ADDED ENTRY ELEMENTS (KOHA)
Source of classification or shelving scheme Dewey Decimal Classification
Koha item type Books
Holdings
Lost status Source of classification or shelving scheme Damaged status Not for loan Collection code Permanent Location Current Location Shelving location Date acquired Source of acquisition Total Checkouts Full call number Date last seen Copy number Koha item type
  Dewey Decimal Classification   Not For Loan Non-fiction Central Library, University of Rajshahi Central Library, University of Rajshahi Reading Room 14/03/1990 Asia foundation   363.960952 COF 1983 08/12/2016 C-1 Books